000 00809cam a22002411 4500
001 ne 67000633
003 DLC
005 20260227111831.0
008 860210s1966 ua a b 000 0 ara
010 _ane 67000633
035 _a(OCoLC)13135159
040 _aDLC
_cTxU
_dTxU
_dDLC
042 _apremarc
050 0 0 _aHE903
_b.T6
100 1 _aTobgy, Ahmed Kamal.
245 1 3 _aal-Naql al-baḥrī fī Miṣr;
_btaṭawwuruh al-tārīkhī wa-nahḍatuh mundhu thawrat 1952.
_cbi-qalam Aḥmad Kamāl al-Ṭūbjī.
260 _a[al-Qāhirah,
_bal-Dār al-Qawmīyah lil-Ṭibāʻah wa-al-Nashr,
_c1966]
300 _a128 p.
_billus.
_c24 cm.
490 0 _aMin al-Sharq wa-al-Gharb,
_v168
504 _aBibliography: p. 127-128.
650 0 _aMerchant marine
_zEgypt.
650 0 _aShipping
_zEgypt
_xHistory.
999 _c49502
_d49502